000 00495cas a22001815a 4500
001 L141326
008 071115c2007 xxkqr p 0 a0eng u
022 1 _a1752-9638
035 _a(Sirsi) u141326
041 0 _aeng
245 0 0 _aJournal of Urban Regeneration and Renewal
260 _aLondon
_bHenry Stewart Publications
_c2007-
362 0 _a1(1) June 2007-
554 _aFour per year
651 4 _aUnited Kingdom
_y
690 _aPROPERTY-PROPERTY MANAGEMENT-REGENERATION
942 _n0
999 _c119154
_d119154